| Tag |
First Indicator |
Second Indicator |
Subfields |
| LEADER |
00000cam a2200000 a 4500 |
| 001 |
in00000090145 |
| 005 |
20151008065606.0 |
| 008 |
810428s1980 txua b 00110 eng d |
| 020 |
|
|
|a 0884081370
|
| 035 |
|
|
|a (OCoLC)07371258
|
| 035 |
|
|
|9 AAK6230AM
|
| 040 |
|
|
|a DVA
|c DVA
|d UMK
|d OCL
|d TXA
|d UtOrBLW
|
| 049 |
|
|
|a TXAM
|c [388756]
|
| 090 |
|
|
|a LB1028.5
|b P6
|
| 092 |
|
|
|a 371.394
|
| 100 |
1 |
|
|a Poirot, James L.,
|d 1939-
|
| 245 |
1 |
0 |
|a Computers and education /
|c By James L. Poirot.
|
| 264 |
|
1 |
|a Manchaca, Tex. :
|b Sterling Swift,
|c [1980]
|
| 264 |
|
4 |
|c ©1980
|
| 300 |
|
|
|a 89 pages :
|b illustrations ;
|c 22 cm.
|
| 336 |
|
|
|a text
|b txt
|2 rdacontent
|
| 337 |
|
|
|a unmediated
|b n
|2 rdamedia
|
| 338 |
|
|
|a volume
|b nc
|2 rdacarrier
|
| 500 |
|
|
|a Includes index.
|
| 504 |
|
|
|a Bibliography: pages 85-87.
|
| 650 |
|
0 |
|a Computer-assisted instruction.
|
| 999 |
|
|
|a MARS
|
| 999 |
f |
f |
|s 7ac452f4-4653-3d08-b18c-dff2e21d2a03
|i dd70bbe2-2378-33fa-87eb-06aa1b2189dc
|t 0
|
| 952 |
f |
f |
|p normal
|a Texas A&M University
|b College Station
|c Sterling C. Evans Library
|d Evans: Library Stacks
|t 0
|e LB1028.5 P6
|h Library of Congress classification
|i unmediated -- volume
|m A14805996318
|
| 998 |
f |
f |
|a LB1028.5 P6
|t 0
|l Evans: Library Stacks
|